Countries Surrounding Capitals that Begin with D - Statistics

General Stats
  • This quiz has been taken 33 times
    31 since last reset
  • The average score is 111 of 170
Answer Stats
Capital Country Degree angle % Correct
Damascus Lebanon 0°-20°
90%
Dakar Mali 89°-108°
90%
Dakar Mauritania 3°-89°
90%
Dakar Morocco
90%
Dakar Spain 0°-3°(scattered)
90%
Damascus Turkey 20°-52°
90%
Dakar Argentina 206°-208°
85%
Dakar Ascension Island(United Kingdom) 172°
85%
Dakar Bermuda(United Kingdom) 301°
85%
Dakar Brazil 213°-256°
85%
Dakar Canada 323°-336°
85%
Dakar Falkland Islands(United Kingdom) 204°-206°(scattered)
85%
Dakar French Guiana(France) 256°-260°
85%
Dakar Gambia 108°-157°
85%
Dakar Greenland(Denmark) 345°-356°
85%
Dakar Guinea-Bissau 157°-164°
85%
Dakar Iceland 356°-357°
85%
Dhaka India 0°-131°
85%
Dhaka Myanmar 131°-155°
85%
Dakar Saint Pierre andMiquelon (France) 323°
85%
Dakar United States 293°-301°
85%
Dakar Argentina 208°-213°
80%
Dili Australia 94°
80%
Dili Australia 96°-206°
80%
Dakar Canada 315°-323°
80%
Dhaka India 217°-360°
80%
Dhaka Indonesia 155°-165°
80%
Dili Indonesia 0°-93°
80%
Dili Indonesia 265°-360°
80%
Damascus Iraq 52°-93°
80%
Damascus Israel 210°-247°
80%
Damascus Jordan 93°-210°
80%
Damascus Lebanon 247°-360°
80%
Dili Papua New Guinea 93°-94°
80%
Dakar Spain 357°-360°(scattered)
80%
Dhaka Sri Lanka 207°-217°
80%
Dakar Trinidad and Tobago 269°-270°(scattered)
80%
Dakar United States 301°-315°
80%
Dakar Azores(Portugal) 336°-345°(scattered)
75%
Dakar Cape Verde 271°-293°(scattered)
75%
Dakar Chile 208°
75%
Djibouti India 65°-83°
75%
Dili Indonesia 206°-242°
75%
Dili Madagascar 246°-251°
75%
Dili Papua New Guinea 94°-96°
75%
Dili Reunion(France) 251°
75%
Djibouti Yemen 0°-65°
75%
Djibouti Eritrea 321°-360°
70%
Djibouti Ethiopia 197°-321°
70%
Dakar Guyana 262°-267°
70%
Dili Indonesia 251°-263°
70%
Dili Mozambique 243°-246°
70%
Djibouti Somalia 86°-197°
70%
Dakar Suriname 260°-262°
70%
Dili Tanzania 263°-264°
70%
Dublin United Kingdom 180°-181°
70%
Dublin United Kingdom(incl. Isle of Man) 0°-174°
70%
Dakar Venezuela 267°-269°
70%
Dakar Venezuela 270°-271°
70%
Dodoma Australia 101°-107°
65%
Doha Bahrain 294°-323°
65%
Dili Christmas Island(Australia) 264°
65%
Dublin Guadeloupe(France) 250°
65%
Dhaka India 165°-172°
65%
Dodoma India 67°-70°
65%
Dodoma Indonesia 83°-85°
65%
Dodoma Indonesia 86°-98°
65%
Dodoma Indonesia 98°-99°
65%
Dodoma Indonesia 99°-100°
65%
Dodoma Indonesia 100°-101°
65%
Doha Iran 0°-75°
65%
Doha Iran 76°
65%
Doha Iran 331°-360°
65%
Doha Iraq 329°-331°
65%
Dodoma Kenya 0°-67°
65%
Doha Kuwait 323°-329°
65%
Dublin Martinique(France) 249°
65%
Dublin Montserrat(United Kingdom) 251°
65%
Doha Saudi Arabia 177°-179°
65%
Doha Saudi Arabia 179°-294°
65%
Dili South Africa 242°-243°
65%
Dublin Spain 174°-180°
65%
Dili Tanzania 264°-265°
65%
Dublin Anguilla(United Kingdom) 254°
60%
Dodoma Australia 107°-114°
60%
Dublin Barbados 247°
60%
Dublin Bermuda(United Kingdom) 267°
60%
Dublin British Virgin Islands (United Kingdom) 256°
60%
Dodoma Burundi 285°-305°
60%
Dublin Canada 277°-303°
60%
Dodoma Christmas Island(Australia) 99°
60%
Dodoma Cocos Islands(Australia) 100°
60%
Dodoma Comoros 124°-128°(scattered)
60%
Dodoma D. R. Congo 247°-285°
60%
Dublin Greenland(Denmark) 303°-315°
60%
Dublin Grenada 248°
60%
Djibouti India 86°
60%
Dodoma Madagascar 114°-124°
60%
Dublin Madeira(Portugal) 203°-205°(scattered)
60%
Dodoma Malawi 189°-221°
60%
Dodoma Maldives 70°-83°(scattered)
60%
Dublin Morocco 192°-195°
60%
Dodoma Mozambique 133°-189°
60%
Doha Oman 75°-76°
60%
Doha Oman 76°-79°
60%
Dodoma Papua New Guinea 101°
60%
Dublin Puerto Rico(United States) 257°-259°
60%
Dublin Puerto Rico(United States) 260°
60%
Dodoma Rwanda 305°-313°
60%
Dublin Saint Barthélemy(France) 253°
60%
Dublin Saint Lucia 249°
60%
Dublin Saint Vincent and theGrenadines 248°-249°(scattered)
60%
Dublin Spain 181°-192°
60%
Dublin Trinidad and Tobago 246°-247°
60%
Dodoma Uganda 313°-342°
60%
Doha United Arab Emirates 79°-177°
60%
Doha United Arab Emirates 179°
60%
Dublin United Kingdom 315°-360°
60%
Dublin United States 274°-277°
60%
Dublin US Virgin Islands(United States) 255°
60%
Dublin US Virgin Islands(United States) 256°
60%
Djibouti Yemen 83°-86°
60%
Dodoma Zambia 221°-247°
60%
Dushanbe Afghanistan 91°-210°
55%
Dublin Antigua and Barbuda 251°
55%
Dublin Antigua and Barbuda 252°
55%
Dublin Azores(Portugal) 226°-241° (scattered)
55%
Dublin Bahamas 264°-267°(scattered)
55%
Dublin Bahamas 267°-274°(scattered)
55%
Dublin Brazil 211°-226°
55%
Dublin Cape Verde 205°-209°(scattered)
55%
Dushanbe China 76°-91°
55%
Dodoma East Timor 98°
55%
Dublin Guyana 241°-244°
55%
Dodoma Kenya 342°-360°
55%
Dushanbe Kyrgyzstan 16°-76°
55%
Dodoma Madagascar 128°-133°
55%
Dublin Puerto Rico(United States) 257°
55%
Dublin Saint Kitts and Nevis 252°
55%
Dodoma Seychelles 85°-86°(scattered)
55%
Dodoma Seychelles 107°
55%
Dublin Spain 195°-203°(scattered)
55%
Dublin Trinidad and Tobago 247°
55%
Dublin Turks and Caicos(United Kingdom) 263°-264°
55%
Dushanbe Uzbekistan 0°-16°
55%
Dushanbe Uzbekistan 210°-360°
55%
Dublin Venezuela 244°-246°
55%
Dublin Venezuela 247°-248°
55%
Dublin Aruba(Netherlands) 257°
50%
Dublin Bonaire(Netherlands) 255°
50%
Dublin Curaçao(Netherlands) 255°
50%
Dublin Curaçao (Netherlands) 256°
50%
Dublin Dominica 250°
50%
Dublin Dominican Republic 260°-263°
50%
Dublin Haiti 263°
50%
Dublin Saba(Netherlands) 253°
50%
Dublin Sint Eustatius(Netherlands) 253°
50%
Dublin Venezuela 249°
50%
Dublin Venezuela 250°
50%
Dublin Venezuela 252°
50%
Dublin Venezuela 252°
50%
Dublin Venezuela 253°
50%
Dublin Colombia 259°
45%
Dublin Colombia 260°
45%
Dublin Venezuela 251°
45%
Dublin Venezuela 253°
45%
Dublin Venezuela 253°
45%
Dublin Venezuela 254°
40%
Dublin Venezuela 255°
40%
Dublin Venezuela 255°
40%
No matching quizzes found
Score Distribution
Percent of People with Each Score
Percentile by Number Answered
Your Score History
You have not taken this quiz since the last reset